¿Dónde está la frontera del aire? : escritos mexicanos /
Salvato in:
| Autore principale: | |
|---|---|
| Altri autori: | |
| Natura: | Elettronico eBook |
| Lingua: | spagnolo |
| Pubblicazione: |
Ciudad de México :
Bonilla Artigas Editores,
[2025]
|
| Edizione: | Primera edición. |
| Serie: | Las semanas del jardín;
19. |
| Soggetti: | |
| Accesso online: | Digitalia Hispánica |
| Tags: |
Aggiungi Tag
Nessun Tag, puoi essere il primo ad aggiungerne!!
|
MARC
| LEADER | 00000nam a2200000Ii 4500 | ||
|---|---|---|---|
| 001 | DIGBONART0469 | ||
| 003 | NyNyDIG | ||
| 006 | m o d | ||
| 007 | cr ||||||||||| | ||
| 008 | 251115s2025 mx o 000 0 spa d | ||
| 035 | |a (OCoLC)1513304745 | ||
| 040 | |a DGITA |b eng |e rda |e pn |c DGITA | ||
| 020 | |a 9786075904832 |q (pdf) | ||
| 020 | |a 9786075904825 |q (ePub) | ||
| 020 | |z 9786075904818 |q (impreso) | ||
| 050 | 1 | 4 | |a PQ7111 ebook |
| 100 | 1 | |a Aub, Max, |d 1903-1972, |e author. | |
| 245 | 1 | 0 | |a ¿Dónde está la frontera del aire? : |b escritos mexicanos / |c Max Aub ; selección y prólogo de Adolfo Castañón. |
| 250 | |a Primera edición. | ||
| 264 | 1 | |a Ciudad de México : |b Bonilla Artigas Editores, |c [2025] | |
| 300 | |a 1 online resource. | ||
| 336 | |a text |b txt |2 rdacontent | ||
| 337 | |a computer |b c |2 rdamedia | ||
| 338 | |a online resource |b cr |2 rdacarrier | ||
| 347 | |a text file |2 rdaft | ||
| 347 | |b PDF | ||
| 490 | 1 | |a Las semanas del jardín ; |v 19 | |
| 588 | 0 | |a Online resource; title from PDF title page (Digitalia, viewed November 15, 2025) | |
| 650 | 0 | |a Mexican literature |x History and criticism |y 20th century. | |
| 700 | 1 | |a Castañón, Adolfo, |d 1952- |e editor, |e contributor agent of text. | |
| 776 | 0 | 8 | |i Print version: |a Aub, Max, 1903-1972. |t ¿Dónde está la frontera del aire?. |b Primera edición. |d Ciudad de México : Bonilla Artigas Editores, [2025] |z 9786075904818 |
| 791 | 2 | |a Digitalia (Firm), |e distributor. | |
| 793 | 0 | |g Digitalia eBook Collection: |a Bonilla Artigas Editores | |
| 830 | 0 | |a Las semanas del jardín; |v 19. | |
| 856 | 4 | 0 | |3 Digitalia Hispánica |u https://digitalia.unach.elogim.com/a/180766/ |
| 910 | |a Premium collection: 2025 | ||